Países más visitados por los turistas españoles - Estadísticas

Estadísticas generales
  • Esta prueba ha sido intentada 114 veces
  • La puntuación promedio es 12 de 15
Estadísticas de respuestas
# Respuesta % Correcto
439 mil Portugal
100%
532 mil Francia
99%
183 mil Italia
98%
129 mil Reino Unido
97%
105 mil Alemania
94%
26 mil Suiza
91%
43 mil Bélgica
88%
45 mil Paises Bajos
88%
113 mil Marruecos
85%
20 mil Irlanda
80%
17 mil Austria
77%
85 mil Andorra
71%
17 mil Turquia
61%
41 mil Estados Unidos de América
58%
13 mil Rumania
38%
No se encontraron pruebas coincidentes
Distribución de puntuación
Porcentaje de gente con cada puntuación
Porcentaje por número respondido
Historial de tus puntuaciones
No has intentado esta prueba.